| 000 | 01023cam a22002651i 4500 | ||
|---|---|---|---|
| 003 | SA-RiAUC | ||
| 005 | 20251020062553.0 | ||
| 008 | 251001s1965 su g 000 0 ara c | ||
| 040 |
_aKW-ShULA _bara _cSA-RiAUC _erda |
||
| 050 | 4 | _bB222 1965 | |
| 082 | 0 | 4 |
_a219.3 _qSA-RiAUC |
| 090 |
_a219.3 _bب د ر |
||
| 100 | 1 |
_aالبدري، عبد العزيز بن عبد اللطيف، _dتوفي 1969 _eمؤلف. |
|
| 245 | 1 | 2 |
_aالإسلام بين العلماء والحكام / _cعبد العزيز البدري. |
| 250 | _aالطبعة الأولى. | ||
| 264 | 1 |
_aبيروت : _bدار الكتب العلمية، _c1965 |
|
| 300 |
_a254 صفحة ؛ _c24 سم |
||
| 336 |
_aنص _btxt _2rdacontent _3كتاب |
||
| 337 |
_aبدون وسيط _bn _2rdamedia |
||
| 338 |
_aمجلد _bnc _2rdacarrier |
||
| 650 | 7 |
_aالإسلام والإصلاح السياسي _2aucsh |
|
| 650 | 7 |
_aالإسلام _xجوانب سياسية _2aucsh |
|
| 942 |
_2ddc _cBOOK _n0 |
||
| 949 |
_aSA-JeALM _d251001 _umohamedma123 _n1 |
||
| 999 |
_c12621 _d12621 |
||